• 首页
  • 本馆介绍
  • 公告通知
  • 最新文献
  • 馆藏检索
  • 电子资源
  • 读者导购
  • 参考咨询
  • 我的图书馆
  • 登录
  • 详细信息显示
  • 放入我的书架
  • 预约/预借图书
  • 作者相关作品
  • 分类相关作品
  • 丛书相关作品
  • 出版社相关作品

书目信息

  • 表格格式
  • 工作单格式
  • 卡片格式
题名:
现代内部审计学
    
 
作者: 徐政旦
分册:  
出版信息:   中国审计出版社  1997.09
页数: 402页
开本: 大32开
丛书名:
单 册:
中图分类: F239.45
科图分类:
主题词: 审计
电子资源:
ISBN: 978-7-5429-6150-1
000 00522nam0 2200193 45
001 0308271036
005 20030827105720.9
010    @a978-7-5429-6150-1@dRMB18.50
100    @a20030827d1997 km y0chiy0120 ea
101    @achi
105    @a z 000yy
200 1  @a现代内部审计学@Axian dai nei bu shen ji xue@f徐政旦@Fxu zheng dan
210    @c中国审计出版社@d1997.09
215    @a402页@c无图表@d大32开
606 0  @a审计
690    @aF239.45@v3
701  0 @a徐政旦
801    @aCN@b@c20030827
905    @aBZT@dF239.45@e20
    
    现代内部审计学/徐政旦.-中国审计出版社,1997.09
    402页:无图表;大32开
    
    
    ISBN 978-7-5429-6150-1:RMB18.50
    
●
相关链接 在五车中查询图书 在当当中查询图书 在豆瓣中查询图书


正题名:现代内部审计学     索取号:F239.45/20         预约/预借

序号 登录号 条形码 馆藏地/架位号 状态 备注
1 85958   200506014   中心书库北库/ 北库009架A面1列3层6/ [索取号:F239.45/20] 在馆    
2 85959   200506005   中心书库北库/ 北库009架A面1列3层5/ [索取号:F239.45/20] 在馆    
3 85960   200506023   中心书库北库/ 北库009架A面1列3层7/ [索取号:F239.45/20] 在馆    
山东省滨州职业学院图书馆 欢迎您!
大连网信软件有限公司© 版权所有